| 000 | 02036nam0a2200313 4500 | ||
|---|---|---|---|
| 001 | RU\NLR\bibl\841603 | ||
| 005 | 20260407121338.0 | ||
| 010 |
_a5-7692-0770-1 _9200 |
||
| 021 |
_aRU _b2005-51234 _92497 |
||
| 035 | _a(NLR Aleph) 000830427 | ||
| 090 |
_a1357285 _c1357285 |
||
| 100 | _a20050916d2005 |||y0rusy50 ca | ||
| 101 | 0 |
_arus _aeng _eeng |
|
| 102 | _aRU | ||
| 105 | _aa ||||||||| | ||
| 200 | 1 |
_aМеждународная конференция "Девонские наземные и морские обстановки: от континента к шельфу", 25 июля - 9 августа 2005, Новосибирск, Россия _dInternational conference "Devonian terrestrial and marine environments: from continent to shelf" _e(проект 499 МПГК/ Международная подкомиссия по стратиграфии девона) _zeng |
|
| 210 |
_aНовосибирск _cИзд-во РАН, Филиал "ГЕО" _d2005 |
||
| 215 |
_a154 с. _cил. _d28 |
||
| 300 | _aЧасть текста на англ. яз. | ||
| 510 | 1 |
_6z01791 _aInternational conference "Devonian terrestrial and marine environments: from continent to shelf" _zrus |
|
| 606 | 1 |
_aДевонский период _jСъезды, совещания и т.п. _xПалеогеография _92393994 _3RU\NLR\auth\661427452 |
|
| 686 | _aД432.44-9я431(0) | ||
| 710 | 1 | 2 |
_4070 _a"Девонские наземные и морские обстановки: от континента к шельфу", международная конференция _f2005 _eНовосибирск _3RU\NLR\AUTH\8810069939 _9641507 |
| 791 | 1 | 2 |
_4070 _a"Devonian terrestrial and marine environments: from continent to shelf", international conference _f2005 _eNovosibirsk _3RU\NLR\auth\8810069940 _9641509 |
| 801 | 0 |
_aRU _bNLR _c20050916 _grcr |
|
| 801 | 1 |
_aRU _bNLR _c20050916 |
|
| 942 | _cBOOK | ||
| 980 | _aNB | ||